| 000 | 04252nam a2200577 i 4500 | ||
|---|---|---|---|
| 003 | EG-ScBUE | ||
| 005 | 20230813094658.0 | ||
| 008 | 841004s2006 ua co f b 000 0aeng d | ||
| 020 | _a9774245954 (set) | ||
| 040 |
_aDLC _beng _erda _cDLC _dDLC _dEG-ScBUE |
||
| 043 |
_af-ua--- _aaw----- |
||
| 082 | 0 | 4 |
_a916.2043 _bROB _222 |
| 100 | 1 |
_aRoberts, David, _d1796-1864, _eauthor. |
|
| 245 | 1 | 4 |
_aEgypt & Nubia / _cfrom drawings made on the spot by David Roberts ; with historical descriptions by the Rev. George Croly, William Brockedon F. R. S. ; lithographed by Louis Haghe ; text Fabio Bourbon ; translation C. T. M. Milan ; graphic design Anna Galliani. |
| 246 | 3 | _aEgypt and Nubia | |
| 246 | 3 | 3 |
_aHoly Land : _bSyria, Idumea, Arabia, Egypt and Nubia |
| 250 | _aSecond printing. | ||
| 250 | _aLimited collector's edition. | ||
| 264 | 1 |
_aCairo : _bThe American University in Cairo Press, _c2006. |
|
| 300 |
_a3 volumes : _billustrations (some color), portraits ; _c36 cm |
||
| 500 | _aTwo volume work issued in slipcase. Includes booklet "The life, works and travels of David Roberts R.A.", text by Fabio Bourbon. | ||
| 500 | _aCompanion volume to: The Holy Land. | ||
| 504 | _aIncludes bibliographical references. | ||
| 505 | 0 | _av.1.Egypt & Nubia : from drawings made on the spot by David Roberts / with historical descriptions by William Brockedon -- v.2. Holy land : from drawings made on the spot by David Roberts / with historical descriptions by the Revd. George Croly -- v.3.Life, works, and travels of David Roberts R.A. / Fabio Bourbon. | |
| 520 | _aAn exquisite Hardcover (with hard jacket) collection for fine art lovers and David Roberts connoisseurs. The genius and sensitivity of the justly celebrated nineteenth-century Scottish artist David Roberts are fully revealed in this outstanding special three-volume collector's edition that reproduces in unprecedented print quality all 247 of Roberts' published drawings of Egypt and the Holy Land. In 1838 and 1839, Roberts spent eleven months traveling and sketching throughout Egypt from Alexandria to Abu Simbel and through Sinai to Petra, Jerusalem, Palestine, and Lebanon. The 247 lithographs that Belgian engraver Louis Haghe then produced at the rate of one a month from the drawings executed during Roberts' extraordinary trip were published in six volumes by Francis Graham Moon, as The Holy Land, Syria, Idumea, Arabia, Egypt and Nubia (1842-46) and Egypt and Nubia (1846-49). This monumental work assured the artist of a fame that has lasted until the modern day. Once again in this limited collector's edition, the wonders that Roberts saw on his trip and the style of life in the Middle East in the middle of the nineteenth century are brought vividly to life by the pictures and the original accompanying texts by the Reverend George Croly and William Brockedon. All admirers of David Roberts will want to own this unique and exquisitely produced edition | ||
| 600 | 1 | 7 |
_aRoberts, David, _d1796-1864 _xTravel _zEgypt. _2BUEsh |
| 600 | 1 | 7 |
_aRoberts, David, _d1796-1864 _xTravel _zMiddle East. _2BUEsh |
| 650 | 7 |
_aPainters _xTravel _zGreat Britain _zEgypt. _2BUEsh |
|
| 650 | 7 |
_aJews _xHistory. _2BUEsh |
|
| 650 | 7 |
_aChurch buildings _zMiddle East. _2BUEsh |
|
| 651 | 7 |
_aEgypt _xDescription and travel. _2BUEsh |
|
| 651 | 7 |
_aNubia _xDescription and travel. _2BUEsh |
|
| 651 | 7 |
_aEgypt _vPictorial works. _2BUEsh |
|
| 651 | 7 |
_aNubia _vPictorial works. _2BUEsh |
|
| 651 | 7 |
_aPalestine _xDescription and travel. _2BUEsh |
|
| 651 | 7 |
_aJerusalem _xDescription and travel _2BUEsh |
|
| 651 | 7 |
_aSyria _xDescription and travel _2BUEsh |
|
| 651 | 7 |
_aJordan _xDescription and travel _2BUEsh |
|
| 651 | 7 |
_aLebanon _xDescription and travel. _2BUEsh |
|
| 651 | 7 |
_aSinai (Egypt) _xDescription and travel. _2BUEsh |
|
| 651 | 7 |
_aMiddle East _xIn art. _2BUEsh |
|
| 653 |
_bGGEN _bCOMAME _cFebruary2019 |
||
| 655 | _vReading book | ||
| 700 | 1 |
_aCroly, George, _d1780-1860. _tHoly Land, Syria, Idumea, Arabia, Egypt & Nubia. |
|
| 700 | 1 |
_aBrockedon, William, _d1787-1854. _tEgypt & Nubia‏. |
|
| 700 | 1 |
_aHaghe, Louis, _elithographer. |
|
| 700 | 1 |
_aBourbon, Fabio, _econtributor. |
|
| 700 | 1 |
_aMilan, C. T. M., _etranslator. |
|
| 700 | 1 |
_aGalliani, Anna, _edesigner. |
|
| 942 |
_2ddc _cBB |
||
| 999 |
_c27196 _d27168 |
||